| 000 | 00700nam a2200217Ia 4500 | ||
|---|---|---|---|
| 003 | OSt | ||
| 005 | 20240919105558.0 | ||
| 008 | 220927b |||||||| |||| 00| 0 eng d | ||
| 020 | _a978812460702 | ||
| 037 | _b43, 01/10/2013, Pioneer Book Distributors | ||
| 040 |
_aSDCL _cSDCL _beng |
||
| 041 |
_2eng _aeng |
||
| 082 | _aRxM721:g Q3 | ||
| 100 |
_aHuchzermeyer, Wilfried _9443558 |
||
| 245 | 0 |
_aSri Aurobindo : _b Saga of a great Indian sage/ |
|
| 260 |
_aNew Delhi: _bD. K. Print world, _c2013. |
||
| 300 | _ax;335p | ||
| 650 | _aPhilosophy | ||
| 942 |
_hRxM721:g Q3 _cTEXL _2CC |
||
| 999 |
_c758696 _d758696 |
||